Guess The Airlines! #2 - Statistics

General Stats
  • This quiz has been taken 48 times
  • The average score is 14 of 24
Answer Stats
Picture Answer % Correct
Easyjet
95%
Ryanair
81%
Turkish Airlines
81%
Aeroflot
76%
Singapore Airlines
76%
Aer Lingus
73%
Iberia
73%
KLM
73%
Korean Air
73%
Swiss Air
70%
Thai Airways
68%
Air China
65%
Vueling
62%
Aeromexico
57%
Alitalia
54%
Westjet
54%
Air Europa
41%
China Southern
35%
US Airways
35%
Asiana Airlines
32%
Airberlin
27%
Continental Airlines
27%
Spanair
22%
Oceanic
16%
No matching quizzes found
Score Distribution
Percent of People with Each Score
Percentile by Number Answered
Your Score History
You have not taken this quiz